Online katalóg knižníc regiónu Turca

Dunaj v Československu : (Record no. 20092)

MARC details
000 -LEADER
fixed length control field 00563nam a22001811 4500
001 - CONTROL NUMBER
control field 20092
003 - CONTROL NUMBER IDENTIFIER
control field CZ PrNK
005 - DATE AND TIME OF LATEST TRANSACTION
control field 20260116120750.0
008 - FIXED-LENGTH DATA ELEMENTS--GENERAL INFORMATION
fixed length control field 030330s1965 xo slo
040 ## - CATALOGING SOURCE
Original cataloging agency ABA001
Language of cataloging cze
Transcribing agency ABA001
Modifying agency ABA001
100 1# - MAIN ENTRY--PERSONAL NAME
Personal name Plicková, Ester,
Dates associated with a name 1928-2011
Relationship aut
245 10 - TITLE STATEMENT
Title Dunaj v Československu :
Remainder of title Krásy rieky /
Statement of responsibility, etc. Úv. text a texty pod obr. napísala Ester Plicková
250 ## - EDITION STATEMENT
Edition statement 1. vyd.
260 ## - PUBLICATION, DISTRIBUTION, ETC.
Place of publication, distribution, etc. Bratislava :
Name of publisher, distributor, etc. Obzor, pobočný závod Martin,
Date of publication, distribution, etc. 1965
300 ## - PHYSICAL DESCRIPTION
Extent 1 sv. (nestr.) ;
Dimensions
910 ## - USER-OPTION DATA (OCLC)
User-option data ABA001
942 ## - ADDED ENTRY ELEMENTS (KOHA)
Source of classification or shelving scheme Dewey Decimal Classification
Koha item type Odborná literatúra pre dospelých
Suppress in OPAC No
Holdings
Stav vyradenia Strata Poškodenie Spôsob nadobudnutia Domovská knižnica Aktuálna knižnica Dátum nadobudnutia Total checkouts Čiarový kód exemplára Date last seen Typ exemplára
      Dar Obecná knižnica Horná Štubňa Obecná knižnica Horná Štubňa 16.01.2026   4736200079 16.01.2026 Odborná literatúra pre dospelých
Projekt je podporený Slovenskou asociáciou knižníc
Prevádzkuje Turčianska knižnica Martin 2026